LEADER 01245nam a2200289 i 4500 001 991001415029707536 005 20020502192318.0 008 940310s1992 it ||| | ita 020 $a8820475111 035 $ab11509442-39ule_inst 035 $aPRUMB60536$9ExL 040 $aScuola per assistenti sociali$bita 082 0 $a362.6 100 1 $aPieretti, Giovanni$033064 245 13$aLe politiche sociali per gli anziani nella prospettiva europea :$binterventi di rete e nuovi modelli organizzativi dei servizi /$ca cura di Giovanni Pieretti e Sebastiano Porcu 260 $aMilano :$bF. Angeli,$c1992 300 $a187 p. ;$c22 cm. 490 0 $aSociologia urbana e rurale. Sez. 3., Povertà, sviluppo, intervento sociale ;$v19 500 $aAtti del Convegno tenuto a Bologna nel 1990. 650 4$aAnziani - Politiche sociali 700 1 $aPorcu, Sebastiano 907 $a.b11509442$b01-03-17$c01-07-02 912 $a991001415029707536 945 $aLE024 SS/B IV 6$g1$i2021000214141$iLE024N-2702$lle021$nex DUSS$o-$pE0.00$q-$rl$s- $t0$u1$v0$w1$x0$y.i11703945$z01-07-02 996 $aPolitiche sociali per gli anziani nella prospettiva europea$9813925 997 $aUNISALENTO 998 $ale021$b01-01-94$cm$da $e-$fita$git $h3$i1